| 000 | 00393nam a22001457a 4500 | ||
|---|---|---|---|
| 005 | 20171110102941.0 | ||
| 008 | 171110b xxu||||| |||| 00| 0 eng d | ||
| 040 | _cPK-LaUMT | ||
| 082 |
_aPKAC 297 _bHAM-D |
||
| 100 | _aHamidullah , M. | ||
| 245 |
_aDer Islam: _bgeschichte, religion , kultur/ _cM. Hamidullah |
||
| 260 |
_aIslamabad: _bDawah academy, _c1991 |
||
| 300 | _a358 p. | ||
| 942 | _cBK | ||
| 999 |
_c99924 _d99924 |
||